Image acquisition and processing with LabVIEW

Guardado en:
Detalles Bibliográficos
Autor principal: Christopher G. Relf
Formato: Libro
Lenguaje:Undetermined
Publicado: Boca Raton, FL CRC Press 2004
Materias:
Etiquetas: Agregar Etiqueta
Sin Etiquetas, Sea el primero en etiquetar este registro!
Thư viện lưu trữ: Trung tâm Học liệu Trường Đại học Cần Thơ
LEADER 00578nam a2200193Ia 4500
001 CTU_58984
008 210402s9999 xx 000 0 und d
082 |a 621.367 
082 |b R382 
100 |a Christopher G. Relf 
245 0 |a Image acquisition and processing with LabVIEW 
245 0 |c Christopher G. Relf 
260 |a Boca Raton, FL 
260 |b CRC Press 
260 |c 2004 
650 |a image processing,engineering instruments,labview 
650 |x digital techniques,data processing 
904 |i Minh 
980 |a Trung tâm Học liệu Trường Đại học Cần Thơ